| 000 | 01538nam0a2200361 4500 | ||
|---|---|---|---|
| 001 | RU\NLR\bibl\1473092 | ||
| 005 | 20250616002732.0 | ||
| 010 |
_a978-5-222-15811-1 _bв пер. _93000 |
||
| 021 |
_aRU _b2009-101254 _96443 |
||
| 035 | _a(nilc)RSL-KNO-004482730 | ||
| 035 | _a(NLR Aleph) 001464775 | ||
| 090 |
_a1606038 _c1606038 |
||
| 100 | _a20091210d2010 |||y0rusy50 ca | ||
| 101 | 0 | _arus | |
| 102 | _aRU | ||
| 105 | _aa zzzz||||| | ||
| 200 | 1 |
_aШахматы _eначальная школа _eучебник для факультативного изучения предмета "Шахматы" в начальных классах общеобразовательных школ _fВиктор Пожарский |
|
| 210 |
_aРостов-на-Дону _cФеникс _d2010 (т.е. 2009) |
||
| 215 |
_a315 с., [8] л. ил., портр., цв. ил. _cил., цв. ил. _d24 |
||
| 225 | 1 | _aШахматы | |
| 300 | _aФактическая дата выхода в свет : 2009 | ||
| 606 | 1 |
_aШахматы _jУчебники для начальной школы _9966520 _3RU\NLR\auth\66361818 |
|
| 686 |
_aЧ515.81я71-1 _2rubbk |
||
| 686 | _aЧ515.81я7 | ||
| 700 | 1 |
_4070 _7ca _8rus _aПожарский _bВ. А. _f1938- _gВиктор Александрович _9189617 _3RU\NLR\AUTH\770189668 |
|
| 801 | 0 |
_aRU _bRuMoRGB _c20091210 _grcr |
|
| 801 | 1 |
_aRU _bRuMoRGB _c20091210 |
|
| 801 | 2 |
_aRU _bNLR _c20100215 _grcr |
|
| 830 | _aавт. по кн. | ||
| 942 | _cBOOK | ||
| 980 | _aNB | ||